000 00781cam a2200217 a 4500
001 15666173
005 20131008131557.0
008 090319s2009 maua b 001 0 eng
020 _a9781856175319 (hardcover : alk. paper)
020 _a1856175316 (hardcover : alk. paper)
082 0 0 _a363.11966
_222
_bKLE
100 1 _aKletz, Trevor A.
_933925
245 1 0 _aWhat went wrong? :
_bcase histories of process plant disasters and how they could have been avoided /
_cTrevor Kletz.
250 _a5th ed.
260 _aBurlington, MA :
_bGulf Professional Pub.,
_cc2009.
300 _axxxii, 608 p. :
_bill. ;
_c24 cm.
504 _aIncludes bibliographical references and index.
650 0 _aChemical plants
_xAccidents.
_933926
653 _bChe
_cOctober2013
942 _2ddc
_cBB
999 _c17601
_d17573